L'Electrificació de Barcelona, 1881-1935 / Luís Urteaga, coordinador
Descripción Física:
283 p. : il. ; 24 cm
Colección:
Barcelona quaderns d'història ; 19
Otros Autores:
Urteaga González, Luis
MARC
| LEADER | 00000nam a2200000Ia 4500 | ||
|---|---|---|---|
| 001 | 24417 | ||
| 008 | 160829s2013 xx 000 0 cat d | ||
| 080 | |a Bib-253 | ||
| 245 | |a L'Electrificació de Barcelona, 1881-1935 / Luís Urteaga, coordinador | ||
| 260 | |a Barcelona : |b Arxiu Històric de la Ciutat, |c 2013 | ||
| 300 | |a 283 p. : |b il. ; |c 24 cm | ||
| 490 | |a Barcelona quaderns d'història ; 19 | ||
| 590 | |a Bibliografia. | ||
| 590 | |a A la portada: Seminari d'Història de Barcelona | ||
| 650 | |a Electrificació |x Barcelona |x Història |x S. XIX/XX |9 50050 | ||
| 650 | |a Enllumenat |x Barcelona |9 50051 | ||
| 700 | |a Urteaga González, Luis |9 50052 | ||
| 710 | 2 | |a Arxiu Històric de la Ciutat (Barcelona, Catalunya) |9 52811 | |
| 901 | |a Arxiu | ||
| 942 | |n 1 | ||
| 952 | |0 0 |1 0 |4 0 |6 BIB253 |7 1 |9 55758 |a Arxiu |b Arxiu |d 2016-12-01 |l 0 |o Bib-253 |p 24417 |r 2016-12-01 00:00:00 |w 2016-12-01 |y ARXIU | ||
| 999 | |c 59631 |d 59631 | ||